Rozpoznaj rapera po 3 utworach #1 HARD - Statystyki

Ogólne statystyki
  • Ten quiz został rozwiązany 42 razy
  • Średni wynik to 7 z 15
Statystyki odpowiedzi
Utwory Wykonawca % Poprawnych
In My Feelings, Too Much, One Dance Drake
80%
Faneto, Hate Bein' Sober, I Don't Like Chief Keef
68%
Mr. Right Now, a lot, No Heart 21 Savage
63%
Fashion Killa, Goldie, Tony Tone ASAP Rocky
63%
Runaway, Fade, Black Skinhead Kanye West
63%
Be Like Me, Drug Addicts, Iced Out Lil Pump
63%
Best You Had, Euphoria, After Party Don Toliver
50%
Own It, Audacity, Vossi Bop Stormzy
50%
@MEH, FlatBed Freestyle, Poke It Out Playboi Carti
48%
Money, Get Up 10, I Like It Cardi B
43%
Tap In, Best Friend, My Type Saweetie
35%
Who Needs Love, I Got You, Taking A Walk Trippie Redd
35%
SKYBOX, MET GALA, Baby Birkin Gunna
30%
No Limit, Some Kind Of Drug, Hate The Way G-Eazy
28%
LAMB TALK, WORKIN ME, FLIP THE SWITCH Quavo
25%
Nie znaleziono quizów pasujących do podanych kryteriów
Rozkład punktacji
Procent ludzi z każdym wynikiem
Percentyl według liczby udzielonych odpowiedzi
Twoja historia wyników
Nie rozwiązałeś tego quizu